000 00534nam a2200181Ia 4500
003 GCL
008 140319s9999 xx 000 0 ara d
040 _aGCL /
_cGCL
082 0 4 _a818.03
_bى ا
100 1 _aياسر حسين
245 1 0 _aالاميرة التى هزت عرش الخليج /
_cياسر حسين
260 _a[S.N] :
_bمركز الراية للنشر والاعلام ،
_c1993
300 _a245 ص
490 _a
650 0 4 _aالمذكرات
650 0 4 _aالمرأة الخليجية
942 _2ddc
_cBK
999 _c54836
_d54836